| 000 | 00469nam a2200181Ia 4500 | ||
|---|---|---|---|
| 999 |
_c16984 _d16984 |
||
| 082 | _aRR 920.71 MEN- | ||
| 245 | 0 | _aMen of achievement | |
| 250 | _a10th | ||
| 260 |
_aCambridge _bInternational Biographical Centre _c1984 |
||
| 300 | _a854p.: Photographs | ||
| 500 | _aContents: Vol.10 | ||
| 504 | _aRef. book | ||
| 650 | _aCelebrities - Biography | ||
| 650 | _aBiography - Directories - 1984 | ||
| 650 | _aMen - Biography | ||
| 700 | _aKay, Ernest | ||
| 942 | _cBK | ||